000 00468nam a2200181Ia 4500
001 10347
005 20260306161825.0
008 260306t1998||||xx |||||||||||||| ||spa||
041 _aESP
082 _a920.5
_bS23
100 _aSánchez Aranda, José Javier
_eAUT
245 0 _aPulitzer:
_bluces y sombras en la vida de un periodista genial
260 _c1998
300 _a236 páginas :
_c18 cm.
650 _aGEN
654 _aCHU
942 _cLIB
_dJUS
_fJUS
_2ddc
_n
999 _c10347
_d10347